| 000 | 00464nam a2200157 a 4500 | ||
|---|---|---|---|
| 005 | 20140130115605.0 | ||
| 008 | 140130b2008 ck ||||| |||| 00| 0 spa d | ||
| 041 | _aspa | ||
| 044 | _ack | ||
| 090 |
_aIAVH _b01263 |
||
| 100 |
_aBenavides Molineros, Julia Elizabeth _96045 |
||
| 245 |
_aMantenimiento y desarrollo de productos y servicios de información en el marco del SIB _bInforme final |
||
| 260 |
_aBogotá _bIAVH _c2008 |
||
| 300 | _a4 h. | ||
| 942 |
_cImpreso _2z |
||
| 999 |
_c6718 _d6718 |
||